00873cam a22002537a 4500003000500000005001700005008004100022010001000063011001000073020001500083035001000098040000900108082001700117110005400134245012200188260007000310300001100380410004400391490003000435650003900465650004100504810004400545830003000589CHAP20220329142657.0010926d2000 mx r 00110 spa d a86382 a87354 a9688056596 a97897 cCHAP04a362.6303bC600aComisión Nacional de Derechos Humanos. México10aDirectorio anotado de instituciones para menores en el Distrito Federalc/por Comisión Nacional de Derechos Humanos aMéxico, D.F. :bComisión Nacional de Derechos Humanos,c1991? a171 p.00aComisión Nacional de Derechos Humanos 0aSerie folletosv; 1991/1114aDerechos humanoszMéxico (D.F.).14aInstituciones socialesxDirectorios.00aComisión Nacional de Derechos Humanos00aSerie folletosv; 1991/11